Ekonómia (všeobecná ekonomická teória) metodická pomôcka k seminárom

Gespeichert in:
Bibliographische Detailangaben
1. Verfasser: Táncošová, Judita
Weitere Verfasser: Hontyová, Kajetána, Martincová, Marta, 1955-, Muchová, Eva, 1961-, Lisý, Ján, Piovarčiová, Veronika, 1951-, Melišová, Mária
Format: Buch
Sprache:Slowakisch
Veröffentlicht: Bratislava IURA EDITION 1998
Schriftenreihe:Ekonómia
Schlagworte:
Tags: Tag hinzufügen
Keine Tags, Fügen Sie das erste Tag hinzu!

MARC

LEADER 00000nam a2200000 4500
001 c103118
005 20221123132708.1
020 |a 80-88715-45-8 
041 0 |a slo 
044 |a SK 
245 1 0 |a Ekonómia (všeobecná ekonomická teória)  |b metodická pomôcka k seminárom  |c Judita Táncošová a kolektív 
264 1 |a Bratislava  |b IURA EDITION  |c 1998 
300 |a 55 s. 
490 1 |a Ekonómia 
830 0 |a Ekonómia 
610 2 0 |a ekonómia 
610 2 0 |a hospodárstvo trhové 
610 2 0 |a dopyt 
610 2 0 |a ponuka 
610 2 0 |a ceny 
610 2 0 |a firmy 
610 2 0 |a podnikanie 
610 2 0 |a trh 
610 2 0 |a rast hospodársky 
610 2 0 |a zamestnanosť 
610 2 0 |a nezamestnanosť 
610 2 0 |a politika fiškálna 
610 2 0 |a politika menová 
610 2 0 |a obchod medzinárodný 
610 2 0 |a integrácia ekonomická medzinárodná 
100 1 |a Táncošová, Judita 
700 1 |a Hontyová, Kajetána 
700 1 |a Martincová, Marta, 1955- 
700 1 |a Muchová, Eva, 1961- 
700 1 |a Lisý, Ján 
700 1 |a Piovarčiová, Veronika, 1951- 
700 1 |a Melišová, Mária